[Event "Montreal Noel op"]
[Site "Montreal"]
[Date "2019.12.28"]
[Round "3"]
[White "Kozlov, Guennadi"]
[Black "Allard, Laurent"]
[Result "0-1"]
[WhiteElo "1297"]
[BlackElo "2060"]
[PlyCount "62"]
[EventDate "2019.12.26"]
[EventType "swiss"]
[EventRounds "5"]
[EventCountry "CAN"]
[SourceTitle "CBM 194 Extra"]
[Source "ChessBase"]
[SourceDate "2020.03.31"]
[SourceVersion "1"]
[SourceVersionDate "2020.03.31"]
[SourceQuality "1"]

1. e4 c5 2. Nf3 d6 3. d4 cxd4 4. c3 dxc3 5. Nxc3 Nc6 6. Bc4 Nf6 7. e5 dxe5 8. Qxd8+ Kxd8 9. Ng5 Kc7 10. Nxf7 Rg8 11. Ng5 e6 12. Nxe6+ Bxe6 13. Bxe6 Rh8 14. 0-0 Bc5 15. Bg5 Rad8 16. Rfd1 Nd4 17. Bh3 h6 18. Bxf6 gxf6 19. Ne4 Be7 20. Rac1+ Kb6 21. Kf1 f5 22. Nd2 Bg5 23. Nc4+ Ka6 24. Rc3 e4 25. Ne3 f4 26. Ra3+ Kb6 27. Nc4+ Kb5 28. Rc3 e3 29. fxe3 fxe3 30. Re1 Rhf8+ 31. Kg1 Ne2+ 0-1

[Event "CAN-ch International"]
[Site "Longueuil"]
[Date "2019.10.13"]
[Round "4"]
[White "Allard, Laurent"]
[Black "Zhong, Kevin"]
[Result "1/2-1/2"]
[WhiteElo "2189"]
[BlackElo "2244"]
[PlyCount "69"]
[EventDate "2019.10.11"]
[EventType "swiss"]
[EventRounds "5"]
[EventCountry "CAN"]
[SourceTitle "CBM 192 Extra"]
[Source "Chessbase"]
[SourceDate "2019.11.06"]
[SourceVersion "1"]
[SourceVersionDate "2019.11.06"]
[SourceQuality "1"]

1. e4 c5 2. Nf3 Nc6 3. d4 cxd4 4. Nxd4 Nf6 5. Nc3 d6 6. Bg5 e6 7. Qd2 a6 8. f3 Bd7 9. 0-0-0 h6 10. Be3 b5 11. Nxc6 Bxc6 12. Ne2 Qc7 13. Nd4 Bb7 14. g4 Nd7 15. Kb1 Ne5 16. h4 d5 17. Bf4 Bd6 18. Qg2 0-0-0 19. exd5 Bxd5 20. Be2 Nc4 21. Bxd6 Rxd6 22. Bxc4 Bxc4 23. Rd2 Rhd8 24. Rhd1 Qa5 25. b3 e5 26. bxc4 exd4 27. cxb5 Qxb5+ 28. Ka1 Qc4 29. Rd3 Rd5 30. Qd2 R8d7 31. Rb1 Rb5 32. Rbb3 Rdd5 33. Qe2 Re5 34. Qd2 Red5 35. Qe2 1/2-1/2

[Event "CAN-ch International"]
[Site "Longueuil"]
[Date "2019.10.11"]
[Round "1"]
[White "Chiku Ratte, Olivier Kenta"]
[Black "Allard, Laurent"]
[Result "1-0"]
[WhiteElo "2461"]
[BlackElo "2189"]
[PlyCount "81"]
[EventDate "2019.10.11"]
[EventType "swiss"]
[EventRounds "5"]
[EventCountry "CAN"]
[SourceTitle "CBM 192 Extra"]
[Source "Chessbase"]
[SourceDate "2019.11.06"]
[SourceVersion "1"]
[SourceVersionDate "2019.11.06"]
[SourceQuality "1"]

1. d4 Nf6 2. c4 g6 3. Nc3 Bg7 4. e4 d6 5. h3 0-0 6. Be3 e5 7. d5 Nh5 8. g3 Na6 9. Be2 Nf6 10. Qd2 Nc5 11. Bf3 Ne8 12. Bg2 f5 13. Nge2 a5 14. f3 b6 15. 0-0-0 Nf6 16. Qc2 Nh5 17. Kb1 f4 18. gxf4 Nxf4 19. Nxf4 exf4 20. Bf2 Be5 21. h4 Qf6 22. Nb5 Qg7 23. h5 g5 24. h6 Qe7 25. Bd4 Rf7 26. Bh3 Bxh3 27. Rxh3 g4 28. Qg2 g3 29. Rh5 Rf6 30. Rg5+ Kh8 31. Rg7 Rf7 32. Rg4 Rg8 33. Qh3 Qd7 34. Bxe5+ dxe5 35. Rxg8+ Kxg8 36. Qh5 Qe7 37. d6 cxd6 38. Qg4+ Kh8 39. Nxd6 Rf8 40. Nf5 Qc7 41. Qg7+ 1-0

[Event "Montreal op"]
[Site "Montreal"]
[Date "2016.09.10"]
[Round "2"]
[White "Allard, Laurent"]
[Black "Masse, Hugues"]
[Result "0-1"]
[WhiteElo "2007"]
[BlackElo "2178"]
[PlyCount "84"]
[EventDate "2016.09.09"]
[EventType "swiss"]
[EventRounds "5"]
[EventCountry "CAN"]
[SourceTitle "CBM 174 Extra"]
[Source "ChessBase"]
[SourceDate "2016.10.10"]
[SourceVersion "1"]
[SourceVersionDate "2016.10.10"]
[SourceQuality "1"]

1. e4 e6 2. d4 d5 3. Nd2 Be7 4. Bd3 c5 5. dxc5 Nf6 6. Qe2 0-0 7. Ngf3 a5 8. 0-0 Na6 9. e5 Nd7 10. c4 Naxc5 11. Bc2 f6 12. cxd5 exd5 13. Nb3 b6 14. Nxc5 Nxc5 15. h3 Ba6 16. Qd1 Bxf1 17. Kxf1 fxe5 18. Nxe5 Qd6 19. Nf3 Rad8 20. Be3 Bf6 21. Bd4 Bxd4 22. Qxd4 Rf4 23. Qd1 d4 24. Bd3 Kh8 25. Qe2 Rdf8 26. Kg1 R4f6 27. Rd1 Qd5 28. a3 Re6 29. Qc2 Rd6 30. b4 axb4 31. axb4 Nxd3 32. Qxd3 Re8 33. Rc1 h6 34. Nd2 Rd7 35. Rc4 Qe5 36. Nf3 Qe4 37. Qd1 Qe2 38. Qxe2 Rxe2 39. Nxd4 Re1+ 40. Kh2 Re4 41. Rc8+ Kh7 42. Nc6 Rc4 0-1

[Event "Montreal op"]
[Site "Montreal"]
[Date "2016.09.09"]
[Round "1"]
[White "Kraiouchkine, Nikita"]
[Black "Allard, Laurent"]
[Result "0-1"]
[WhiteElo "2245"]
[BlackElo "2007"]
[PlyCount "72"]
[EventDate "2016.09.09"]
[EventType "swiss"]
[EventRounds "5"]
[EventCountry "CAN"]
[SourceTitle "CBM 174 Extra"]
[Source "ChessBase"]
[SourceDate "2016.10.10"]
[SourceVersion "1"]
[SourceVersionDate "2016.10.10"]
[SourceQuality "1"]

1. d4 Nf6 2. Nf3 g6 3. Bf4 Bg7 4. h3 0-0 5. Nbd2 d5 6. e3 Nbd7 7. c3 c5 8. Bd3 b6 9. Qc2 Bb7 10. 0-0-0 a6 11. g4 b5 12. Kb1 Rc8 13. dxc5 Nxc5 14. Be5 Ncd7 15. Bg3 b4 16. c4 dxc4 17. Bxc4 Nb6 18. b3 Nxc4 19. bxc4 Qb6 20. Be5 Nd5 21. Bxg7 Kxg7 22. Rde1 Nc3+ 23. Ka1 Rc5 24. e4 Ra5 25. Re3 Rxa2+ 26. Qxa2 Nxa2 27. Kxa2 a5 28. Rc1 a4 29. c5 b3+ 30. Kb2 Qb4 31. Rc4 a3+ 32. Kb1 a2+ 33. Kb2 a1Q+ 34. Kxa1 Qa3+ 35. Kb1 Qa2+ 36. Kc1 b2+ 0-1

[Event "Quebec-ch op"]
[Site "Montreal"]
[Date "2016.07.24"]
[Round "2"]
[White "Allard, Laurent"]
[Black "Sambuev, Bator"]
[Result "0-1"]
[WhiteElo "2040"]
[BlackElo "2536"]
[PlyCount "56"]
[EventDate "2016.07.23"]
[EventType "swiss"]
[EventRounds "8"]
[EventCountry "CAN"]
[SourceTitle "CBM 173 Extra"]
[Source "ChessBase"]
[SourceDate "2016.08.29"]
[SourceVersion "1"]
[SourceVersionDate "2016.08.29"]
[SourceQuality "1"]

1. e4 e6 2. d4 d5 3. Nd2 c5 4. exd5 exd5 5. Ngf3 Nf6 6. Bb5+ Bd7 7. Bxd7+ Nbxd7 8. 0-0 Be7 9. dxc5 Nxc5 10. Nb3 Nce4 11. Bf4 0-0 12. Qd3 Re8 13. Rad1 Qb6 14. Nfd4 Rac8 15. c3 Nd6 16. Bxd6 Bxd6 17. Nf5 Bf8 18. Ne3 Rcd8 19. Qc2 g6 20. Rfe1 h5 21. Nd4 Bc5 22. Qb3 Qc7 23. h3 Bb6 24. Rd2 Re4 25. Red1 Rde8 26. Ndc2 Qf4 27. Rd3 h4 28. Rf1 Bc7 0-1

[Event "Canadian op U2400"]
[Site "Montreal"]
[Date "2014.07.25"]
[Round "8"]
[White "Allard, Laurent"]
[Black "Noritsyn, Sergey"]
[Result "1-0"]
[WhiteElo "1945"]
[BlackElo "1821"]
[PlyCount "169"]
[EventDate "2014.07.19"]
[EventType "swiss"]
[EventRounds "9"]
[EventCountry "CAN"]
[SourceTitle "EXT 2022"]
[Source "ChessBase"]
[SourceDate "2021.10.06"]
[SourceVersion "1"]
[SourceVersionDate "2021.10.06"]
[SourceQuality "1"]

1. e4 c5 2. Nf3 d6 3. d4 cxd4 4. Nxd4 Nf6 5. Nc3 a6 6. f3 e6 7. Be3 Be7 8. Qd2 b5 9. g4 Bb7 10. 0-0-0 Nbd7 11. Kb1 Nb6 12. Qf2 Nfd7 13. h4 Rc8 14. Bd3 Qc7 15. g5 Nc4 16. Bxc4 Qxc4 17. h5 Ne5 18. Qg2 Qc7 19. g6 hxg6 20. hxg6 Rxh1 21. gxf7+ Kxf7 22. Rxh1 Nc4 23. Qg4 Qd7 24. Qh5+ Kg8 25. Qh7+ Kf7 26. Bh6 Bf6 27. Rg1 Rg8 28. Qg6+ Ke7 29. Bg5 Bxg5 30. Rxg5 Bc8 31. Qh7 Kf8 32. f4 Qa7 33. Nce2 e5 34. Nc6 Qc7 35. Nb4 Ne3 36. c3 Qc4 37. Qg6 Be6 38. Nc1 exf4 39. Nd5 Bxd5 40. Qxd6+ Kf7 41. Qxf4+ Ke7 42. Re5+ Be6 43. Qxe3 b4 44. Rc5 Qf1 45. Rc7+ Kf6 46. Qd4+ Kg6 47. cxb4 Qf6 48. Qg1+ Kh5 49. Nd3 Qf3 50. Qh2+ Bh3 51. Rc5+ Kh4 52. Nf2 Rd8 53. Qxh3+ Qxh3 54. Nxh3 Kxh3 55. Rg5 Rg8 56. Kc2 Kh4 57. Rg6 Kh5 58. Rg1 g5 59. Kd3 g4 60. e5 Rb8 61. Kc4 Kh4 62. e6 g3 63. Kd5 Rb5+ 64. Kd6 Rb6+ 65. Kd7 Rxb4 66. e7 Rd4+ 67. Kc8 Rd2 68. Re1 g2 69. b4 Kh3 70. a4 Re2 71. Rg1 Rb2 72. Kd7 Rd2+ 73. Kc6 Re2 74. Kb6 Rxe7 75. Kxa6 Kh2 76. Rb1 g1Q 77. Rxg1 Kxg1 78. b5 Re6+ 79. b6 Re4 80. a5 Re6 81. Ka7 Re5 82. a6 Re7+ 83. b7 Rg7 84. Ka8 Rg6 85. a7 1-0

[Event "Canadian op U2400"]
[Site "Montreal"]
[Date "2014.07.23"]
[Round "6"]
[White "Beaulieu, Pierre"]
[Black "Allard, Laurent"]
[Result "0-1"]
[WhiteElo "1858"]
[BlackElo "1945"]
[PlyCount "66"]
[EventDate "2014.07.19"]
[EventType "swiss"]
[EventRounds "9"]
[EventCountry "CAN"]
[SourceTitle "EXT 2022"]
[Source "ChessBase"]
[SourceDate "2021.10.06"]
[SourceVersion "1"]
[SourceVersionDate "2021.10.06"]
[SourceQuality "1"]

1. f4 Nf6 2. Nf3 g6 3. b3 Bg7 4. Bb2 d6 5. e3 0-0 6. c4 c5 7. Be2 Nbd7 8. Qc2 b6 9. 0-0 Bb7 10. Nc3 a6 11. Ng5 e6 12. Bf3 Bxf3 13. Rxf3 h6 14. Nh3 d5 15. Ne2 Nb8 16. Rd1 Nc6 17. d3 Ng4 18. Bxg7 Kxg7 19. d4 cxd4 20. exd4 Nf6 21. Nf2 Rc8 22. Qb2 Na5 23. c5 Nc6 24. cxb6 Qxb6 25. Nd3 Ne4 26. Nc5 Rfe8 27. Nxe4 dxe4 28. Rh3 Nb4 29. Kf1 Rc2 30. Qb1 Qb5 31. Re3 f5 32. a3 Nd5 33. Kf2 Nxe3 0-1

[Event "Trois-Rivieres Mauricie op"]
[Site "Trois Rivieres"]
[Date "2011.03.20"]
[Round "5"]
[White "Allard, Laurent"]
[Black "Dumont, Felix"]
[Result "1/2-1/2"]
[WhiteElo "1865"]
[BlackElo "1989"]
[PlyCount "78"]
[EventDate "2011.03.18"]
[EventType "swiss"]
[EventRounds "5"]
[EventCountry "CAN"]
[SourceTitle "EXT 2022"]
[Source "ChessBase"]
[SourceDate "2021.10.06"]
[SourceVersion "1"]
[SourceVersionDate "2021.10.06"]
[SourceQuality "1"]

1. e4 c5 2. Nf3 d6 3. d4 cxd4 4. Nxd4 Nf6 5. Nc3 Nc6 6. Bg5 e6 7. Qd2 Be7 8. f3 a6 9. h4 Bd7 10. 0-0-0 b5 11. Kb1 b4 12. Nce2 Qc7 13. g4 Rc8 14. Be3 Nxd4 15. Nxd4 Ba4 16. h5 e5 17. Nb3 a5 18. g5 Nd7 19. Bh3 Bb5 20. g6 Bc4 21. h6 gxh6 22. gxh7 Rxh7 23. Bf5 Rh8 24. Rxh6 Rxh6 25. Bxh6 Be6 26. Bxe6 fxe6 27. Rg1 Nf6 28. Bg5 Kd7 29. Nc1 Rh8 30. Nd3 Kc8 31. Rc1 Kb7 32. c3 b3 33. axb3 Qb6 34. Kc2 Rh3 35. Qg2 Rh8 36. Bxf6 Bxf6 37. Qg6 Rf8 38. Qh6 Rf7 39. Qg6 Rf8 1/2-1/2

[Event "Trois-Rivieres Mauricie op"]
[Site "Trois Rivieres"]
[Date "2010.03.21"]
[Round "4"]
[White "Allard, Laurent"]
[Black "Desjardins, Michel"]
[Result "1/2-1/2"]
[WhiteElo "1862"]
[BlackElo "2031"]
[PlyCount "79"]
[EventDate "2010.03.19"]
[EventType "swiss"]
[EventRounds "5"]
[EventCountry "CAN"]
[SourceTitle "EXT 2022"]
[Source "ChessBase"]
[SourceDate "2021.10.06"]
[SourceVersion "1"]
[SourceVersionDate "2021.10.06"]
[SourceQuality "1"]

1. e4 d5 2. exd5 Qxd5 3. Nc3 Qd6 4. d4 Nf6 5. Nf3 a6 6. Be2 Bf5 7. 0-0 Nc6 8. a3 h6 9. Be3 e6 10. Qd2 Rd8 11. Rad1 Be7 12. Qc1 Nd5 13. Nxd5 exd5 14. Bf4 Qd7 15. Bd3 Bg4 16. Be2 Bd6 17. Rfe1 Be6 18. Bxd6 Qxd6 19. c4 0-0 20. c5 Qd7 21. Qf4 Bf5 22. Bd3 Bxd3 23. Rxd3 Rfe8 24. Rde3 Rxe3 25. Qxe3 f6 26. Qb3 Rb8 27. h3 Kf7 28. Re3 Na5 29. Qd1 Re8 30. Rxe8 Qxe8 31. Nd2 g6 32. Kh2 Qe6 33. Qf3 Nc6 34. Qf4 Qd7 35. Nf3 Kg7 36. h4 f5 37. Qg3 Nd8 38. Qf4 c6 39. g4 Nf7 40. b4 1/2-1/2

[Event "Trois-Rivieres Mauricie op"]
[Site "Trois Rivieres"]
[Date "2010.03.20"]
[Round "3"]
[White "Trottier, Yves"]
[Black "Allard, Laurent"]
[Result "0-1"]
[WhiteElo "1919"]
[BlackElo "1862"]
[PlyCount "86"]
[EventDate "2010.03.19"]
[EventType "swiss"]
[EventRounds "5"]
[EventCountry "CAN"]
[SourceTitle "EXT 2022"]
[Source "ChessBase"]
[SourceDate "2021.10.06"]
[SourceVersion "1"]
[SourceVersionDate "2021.10.06"]
[SourceQuality "1"]

1. e4 c5 2. Nc3 Nc6 3. g3 d6 4. Bg2 g6 5. f4 Bg7 6. Nf3 e6 7. 0-0 Nge7 8. d3 0-0 9. Be3 a6 10. d4 cxd4 11. Nxd4 Qc7 12. Rf2 Na5 13. Bf1 b5 14. Rd2 Rd8 15. Rb1 Bb7 16. a3 Nc4 17. Bxc4 Qxc4 18. Qf1 Qxf1+ 19. Kxf1 Nc6 20. Rbd1 Na5 21. Rd3 Nc4 22. Bc1 Rac8 23. Nde2 Rc6 24. Nd4 Bxd4 25. Rxd4 Nxa3 26. bxa3 Rxc3 27. Rxd6 Rxd6 28. Rxd6 Rxc2 29. Be3 Rc8 30. e5 Rc3 31. Bb6 Rxa3 32. Rd7 Bd5 33. Rd8+ Kg7 34. Bc5 Ra1+ 35. Kf2 Ra2+ 36. Kg1 g5 37. Be7 gxf4 38. Bf6+ Kh6 39. gxf4 Kg6 40. h4 Kf5 41. Bg5 b4 42. Rh8 b3 43. Rxh7 b2 0-1

[Event "Quebec-ch U14"]
[Site "Montreal"]
[Date "2009.11.29"]
[Round "4"]
[White "Allard, Laurent"]
[Black "Wu, Qiyou"]
[Result "1-0"]
[WhiteElo "1843"]
[BlackElo "1726"]
[PlyCount "97"]
[EventDate "2009.11.27"]
[EventType "swiss"]
[EventRounds "5"]
[EventCountry "CAN"]
[SourceTitle "EXT 2011"]
[Source "ChessBase"]
[SourceDate "2010.11.26"]
[SourceVersion "1"]
[SourceVersionDate "2010.11.26"]
[SourceQuality "1"]

1. e4 c5 2. Nf3 d6 3. d4 cxd4 4. Nxd4 Nf6 5. Nc3 g6 6. Be3 Bg7 7. f3 Nc6 8. Qd2 0-0 9. Bc4 Bd7 10. 0-0-0 Ne5 11. Bb3 Rc8 12. h4 h5 13. Kb1 Nc4 14. Bxc4 Rxc4 15. Nde2 b5 16. Bh6 b4 17. Bxg7 Kxg7 18. Nd5 Nxd5 19. Qxd5 Qc7 20. Qd2 Rc8 21. Rc1 a5 22. g4 Rh8 23. gxh5 Rxh5 24. Ng3 Rcc5 25. Nxh5+ Rxh5 26. Rcg1 Qc8 27. Qd4+ f6 28. Rg3 Qc5 29. Qxc5 Rxc5 30. Rhg1 Be8 31. Rg4 Rh5 32. b3 Kh6 33. f4 Bd7 34. f5 Be8 35. Kb2 Kh7 36. c3 g5 37. cxb4 axb4 38. hxg5 Rh2+ 39. R4g2 Rxg2+ 40. Rxg2 fxg5 41. Rxg5 Bc6 42. Rg4 Kh6 43. Rg6+ Kh5 44. e5 Be4 45. exd6 Bxf5 46. d7 Bxd7 47. Rg7 Bc6 48. Rxe7 Kg5 49. Re6 1-0

[Event "Quebec-ch U14"]
[Site "Montreal"]
[Date "2009.11.28"]
[Round "2"]
[White "Allard, Laurent"]
[Black "Cote Lalumiere, Tristan"]
[Result "1-0"]
[WhiteElo "1843"]
[BlackElo "1614"]
[PlyCount "55"]
[EventDate "2009.11.27"]
[EventType "swiss"]
[EventRounds "5"]
[EventCountry "CAN"]
[SourceTitle "EXT 2011"]
[Source "ChessBase"]
[SourceDate "2010.11.26"]
[SourceVersion "1"]
[SourceVersionDate "2010.11.26"]
[SourceQuality "1"]

1. e4 c5 2. Nf3 d6 3. d4 cxd4 4. Nxd4 Nf6 5. Nc3 g6 6. Be3 Bg7 7. f3 Nc6 8. Qd2 Bd7 9. Bc4 0-0 10. 0-0-0 Rc8 11. Bb3 Ne5 12. h4 h5 13. Bh6 Nc4 14. Bxc4 Rxc4 15. Bxg7 Kxg7 16. Kb1 Qa5 17. Nb3 Qc7 18. Nd4 Rc8 19. g4 Rxc3 20. bxc3 Bxg4 21. fxg4 Nxe4 22. Ne6+ fxe6 23. Qd4+ Nf6 24. g5 e5 25. gxf6+ exf6 26. Qxd6 Qxc3 27. Qd7+ Kh8 28. Qd2 1-0

[Event "Montreal Unisource 4th"]
[Site "Montreal"]
[Date "2009.02.28"]
[Round "2"]
[White "Allard, Laurent"]
[Black "Turcotte, Jonathan"]
[Result "1/2-1/2"]
[WhiteElo "1775"]
[BlackElo "1833"]
[PlyCount "110"]
[EventDate "2009.02.27"]
[EventType "tourn"]
[EventRounds "5"]
[EventCountry "CAN"]
[SourceTitle "EXT 2011"]
[Source "ChessBase"]
[SourceDate "2010.11.26"]
[SourceVersion "1"]
[SourceVersionDate "2010.11.26"]
[SourceQuality "1"]

1. e4 d6 2. d4 Nf6 3. Nc3 g6 4. Be2 c6 5. Nf3 Bg7 6. 0-0 0-0 7. Bg5 Nbd7 8. Qd2 Qc7 9. Bh6 e5 10. Bxg7 Kxg7 11. Rad1 Re8 12. dxe5 dxe5 13. Rfe1 Nc5 14. Bf1 Bg4 15. Qe3 Ne6 16. Bc4 Qb6 17. Bxe6 Rxe6 18. h3 Bxf3 19. Qxf3 Rd8 20. Rxd8 Qxd8 21. Rd1 Rd6 22. Rxd6 Qxd6 23. Qe3 Qd4 24. Qxd4 exd4 25. Ne2 c5 26. f3 Nd7 27. Kf2 Ne5 28. b3 Nc6 29. a3 f5 30. Ng3 Kf6 31. f4 Ke6 32. exf5+ gxf5 33. Ke2 b5 34. Kd3 Ne7 35. Nh5 Nd5 36. g4 fxg4 37. hxg4 Ne3 38. f5+ Ke5 39. f6 Ke6 40. g5 c4+ 41. bxc4 bxc4+ 42. Kxd4 Nxc2+ 43. Kxc4 Nxa3+ 44. Kb4 Nc2+ 45. Kc5 Ne1 46. Ng7+ Kf7 47. Nf5 Nf3 48. Nd6+ Kf8 49. Ne4 Nxg5 50. Nxg5 h6 51. Ne4 Kf7 52. Kb5 h5 53. Ka6 h4 54. Kxa7 h3 55. Ng5+ Kxf6 1/2-1/2

[Event "St Jean op"]
[Site "St Jean sur Richelieu"]
[Date "2004.06.26"]
[Round "2"]
[White "Allard, Laurent"]
[Black "Esculier, Stephane"]
[Result "1/2-1/2"]
[WhiteElo "1067"]
[BlackElo "1440"]
[PlyCount "65"]
[EventDate "2004.06.??"]
[EventType "swiss"]
[EventRounds "5"]
[EventCountry "CAN"]
[SourceTitle "EXT 2006"]
[Source "ChessBase"]
[SourceDate "2005.11.24"]
[SourceVersion "1"]
[SourceVersionDate "2005.11.24"]
[SourceQuality "1"]

1. e4 c6 2. d4 d5 3. exd5 cxd5 4. c4 e6 5. Nf3 Nc6 6. Nc3 Bb4 7. Be3 Nf6 8. a3 Bxc3+ 9. bxc3 Ne4 10. Qc2 Qa5 11. Bd3 Qxc3+ 12. Qxc3 Nxc3 13. 0-0 0-0 14. Rac1 Na4 15. cxd5 exd5 16. Bb5 Nb6 17. Bxc6 bxc6 18. Rxc6 Nc4 19. Nd2 Nxd2 20. Bxd2 Be6 21. Rb1 Rfc8 22. Rbc1 h6 23. Rxc8+ Rxc8 24. Rxc8+ Bxc8 25. Kf1 f5 26. Ke2 Kf7 27. Kd3 Ke6 28. f4 Ba6+ 29. Kc3 Bf1 30. g3 Kd6 31. Kb4 Kc6 32. Ka5 Be2 33. Bb4 1/2-1/2